[Event "Fejer County-ch"]
[Site "Fejer Region"]
[Date "2016.11.06"]
[Round "3"]
[White "Rabi Nagy, Daniel"]
[Black "Czimer, Jozsef"]
[Result "1-0"]
[WhiteElo "1270"]
[BlackElo "1673"]
[PlyCount "79"]
[EventDate "2016.11.05"]
[EventType "swiss"]
[EventRounds "7"]
[EventCountry "HUN"]
[SourceTitle "EXT 2018"]
[Source "ChessBase"]
[SourceDate "2017.10.13"]
[SourceVersion "1"]
[SourceVersionDate "2017.10.13"]
[SourceQuality "1"]

1. e4 c5 2. Nf3 a6 3. d4 cxd4 4. Nxd4 Nf6 5. Nc3 d6 6. Bc4 e6 7. Qf3 Qc7 8. Bd3 Nbd7 9. 0-0 Be7 10. Qg3 g6 11. Bh6 Nh5 12. Qf3 Ne5 13. Qh3 Qc5 14. Nb3 Qc7 15. a4 b6 16. Rfe1 Nc4 17. Ra2 Bd7 18. Qf3 Ra7 19. Rd1 Nxb2 20. Rxb2 Qxc3 21. Rdb1 Bd8 22. Na1 Bxa4 23. Bb5+ Bxb5 24. Qxc3 e5 25. Rd1 Rc7 26. Qf3 Rd7 27. g4 Nf6 28. Bg7 Nxe4 29. Bxh8 Ng5 30. Qe3 Ne6 31. Qd2 Nd4 32. Kg2 Bc6+ 33. Kf1 Bb5+ 34. Rxb5 axb5 35. Qd3 f6 36. c3 Ne6 37. Qxb5 Be7 38. Nb3 Kd8 39. Qxb6+ Kc8 40. Na5 1-0

[Event "Fejer County-ch"]
[Site "Fejer Region"]
[Date "2016.11.05"]
[Round "2"]
[White "Czimer, Jozsef"]
[Black "Leipold, Zora"]
[Result "1/2-1/2"]
[WhiteElo "1673"]
[BlackElo "1471"]
[PlyCount "100"]
[EventDate "2016.11.05"]
[EventType "swiss"]
[EventRounds "7"]
[EventCountry "HUN"]
[SourceTitle "EXT 2018"]
[Source "ChessBase"]
[SourceDate "2017.10.13"]
[SourceVersion "1"]
[SourceVersionDate "2017.10.13"]
[SourceQuality "1"]

1. e4 e5 2. Nf3 Nc6 3. Bb5 a6 4. Bxc6 dxc6 5. 0-0 Bd6 6. d4 exd4 7. Qxd4 f6 8. e5 Bxe5 9. Qxd8+ Kxd8 10. Nxe5 fxe5 11. Re1 Bf5 12. c3 e4 13. Bg5+ Nf6 14. Nd2 Re8 15. Re3 Kc8 16. Rae1 Nd5 17. R3e2 h6 18. Be3 g5 19. a3 Bg4 20. f3 exf3 21. gxf3 Bh5 22. Kf2 Nxe3 23. Rxe3 Rxe3 24. Rxe3 Kd7 25. Ne4 Rf8 26. Kg3 b6 27. Nf2 Re8 28. Rxe8 Kxe8 29. f4 Kf7 30. h4 Kg6 31. hxg5 hxg5 32. Nh3 g4 33. Nf2 Kf5 34. Nd3 c5 35. Ne5 a5 36. a4 Be8 37. Nxg4 Bxa4 38. Nf2 Bc2 39. Kf3 b5 40. Ke3 b4 41. Kd2 Bb3 42. Nd3 bxc3+ 43. Kxc3 c4 44. Nc5 Kxf4 45. Ne6+ Ke5 46. Nxc7 Kd6 47. Nb5+ Kc5 48. Na3 a4 49. Nb1 Kb5 50. Na3+ Kc5 1/2-1/2

[Event "Budapest Spring op"]
[Site "Budapest"]
[Date "2016.03.26"]
[Round "8"]
[White "Czimer, Jozsef"]
[Black "Letay, Gyula"]
[Result "1/2-1/2"]
[WhiteElo "1701"]
[BlackElo "1994"]
[PlyCount "103"]
[EventDate "2016.03.18"]
[EventType "swiss"]
[EventRounds "9"]
[EventCountry "HUN"]
[SourceTitle "CBM 171 Extra"]
[Source "ChessBase"]
[SourceDate "2016.04.26"]
[SourceVersion "1"]
[SourceVersionDate "2016.04.26"]
[SourceQuality "1"]

1. e4 c5 2. Nf3 a6 3. c4 d6 4. Nc3 Nc6 5. d4 cxd4 6. Nxd4 e6 7. Be2 Be7 8. 0-0 h6 9. Be3 Nf6 10. Qd2 Qc7 11. Rac1 Bd7 12. a3 Ne5 13. f3 Rc8 14. b4 0-0 15. Kh1 Qb8 16. Qa2 b6 17. b5 a5 18. Na4 Bd8 19. Rfd1 Bc7 20. Bg1 Rfd8 21. Qb3 Be8 22. Qe3 d5 23. exd5 exd5 24. cxd5 Nxd5 25. Qf2 Nf4 26. Bf1 Nd5 27. Nc3 Nf6 28. Na4 Nd5 29. Nc3 Qb7 30. Ne4 Ng6 31. Rd2 Bf4 32. Rxc8 Rxc8 33. Rc2 Rxc2 34. Nxc2 f5 35. Ng3 Qc8 36. Bd3 Bxg3 37. hxg3 Bf7 38. Qd4 Qd7 39. Ne3 Nge7 40. Nxd5 Bxd5 41. Bc4 Qe6 42. Bxd5 Nxd5 43. Bf2 Kh7 44. Qd3 g5 45. g4 Kg6 46. gxf5+ Qxf5 47. Qd1 h5 48. Bd4 g4 49. fxg4 hxg4 50. g3 Qe4+ 51. Kg1 Kf5 52. Kf2 1/2-1/2

[Event "Budapest Spring op"]
[Site "Budapest"]
[Date "2016.03.25"]
[Round "7"]
[White "Heyl, Thomas"]
[Black "Czimer, Jozsef"]
[Result "1-0"]
[WhiteElo "1991"]
[BlackElo "1701"]
[PlyCount "97"]
[EventDate "2016.03.18"]
[EventType "swiss"]
[EventRounds "9"]
[EventCountry "HUN"]
[SourceTitle "CBM 171 Extra"]
[Source "ChessBase"]
[SourceDate "2016.04.26"]
[SourceVersion "1"]
[SourceVersionDate "2016.04.26"]
[SourceQuality "1"]

1. c4 e5 2. g3 g6 3. Bg2 Bg7 4. Nc3 c6 5. e4 d6 6. Nge2 Ne7 7. 0-0 0-0 8. d3 f5 9. Be3 Be6 10. Qb3 Qc7 11. Rac1 b6 12. d4 Nd7 13. Nd5 Qd8 14. Nxe7+ Qxe7 15. exf5 gxf5 16. Bxc6 Rac8 17. Bxd7 Qxd7 18. d5 Bf7 19. f4 Bh5 20. Rf2 Bxe2 21. Rxe2 e4 22. Qd1 h5 23. Bd4 Qe8 24. Bxg7 Kxg7 25. Qd4+ Kh7 26. Rc3 Qg6 27. b4 Rf6 28. a4 Rf7 29. Ra2 Rb8 30. b5 Qg7 31. Qxg7+ Kxg7 32. a5 Rc7 33. axb6 Rxb6 34. Raa3 Kf7 35. Kf2 Ke7 36. Ke3 Kd7 37. Kd4 Rcb7 38. Ra5 Rc7 39. c5 dxc5+ 40. Rxc5 Rxc5 41. Kxc5 Rb7 42. Ra6 Rc7+ 43. Kd4 Rb7 44. Ke5 Rxb5 45. Rxa7+ Kc8 46. Kxf5 Rxd5+ 47. Kxe4 Rb5 48. Rh7 Kd8 49. f5 1-0

[Event "Budapest Art Pub Cup 6th"]
[Site "Budapest"]
[Date "2015.01.04"]
[Round "6"]
[White "Czimer, Jozsef"]
[Black "Kovacs, Gabor Etele"]
[Result "1/2-1/2"]
[WhiteElo "1703"]
[BlackElo "1823"]
[PlyCount "71"]
[EventDate "2015.01.02"]
[EventType "swiss"]
[EventRounds "6"]
[EventCountry "HUN"]
[SourceTitle "CBM 164 Extra"]
[Source "ChessBase"]
[SourceDate "2015.03.02"]
[SourceVersion "1"]
[SourceVersionDate "2015.03.02"]
[SourceQuality "1"]

1. Nf3 d5 2. g3 c6 3. Bg2 Bg4 4. Ne5 Bf5 5. c4 dxc4 6. Nxc4 Nf6 7. Nc3 e6 8. 0-0 Nbd7 9. d4 h6 10. e4 Bg4 11. Qb3 Nb6 12. Nxb6 Qxb6 13. Qxb6 axb6 14. d5 Bb4 15. dxe6 Bxe6 16. a3 0-0 17. Be3 Bxc3 18. bxc3 b5 19. Rfd1 Ra4 20. Rd4 Rfa8 21. Rxa4 Rxa4 22. f3 Nd7 23. f4 Kf8 24. Kf2 Nf6 25. Bc5+ Ke8 26. e5 Nd7 27. Be3 Kd8 28. Ke1 Kc7 29. Kd2 Nb6 30. Bxb6+ Kxb6 31. Kc2 Kc5 32. Kb2 Bd5 33. Bxd5 Kxd5 34. Rd1+ Ke6 35. Rd6+ Ke7 36. Rd2 1/2-1/2

[Event "Budapest Art Pub Cup 6th"]
[Site "Budapest"]
[Date "2015.01.03"]
[Round "4"]
[White "Czimer, Jozsef"]
[Black "Dibusz, Domonkos"]
[Result "1-0"]
[WhiteElo "1703"]
[BlackElo "1593"]
[PlyCount "97"]
[EventDate "2015.01.02"]
[EventType "swiss"]
[EventRounds "6"]
[EventCountry "HUN"]
[SourceTitle "CBM 164 Extra"]
[Source "ChessBase"]
[SourceDate "2015.03.02"]
[SourceVersion "1"]
[SourceVersionDate "2015.03.02"]
[SourceQuality "1"]

1. c4 e5 2. d3 Nc6 3. a3 d6 4. Nc3 Be6 5. Nf3 Nf6 6. Ng5 Be7 7. e4 0-0 8. Be2 Nd4 9. Nxe6 Nxe6 10. 0-0 c6 11. b4 Nd4 12. Be3 Nxe2+ 13. Qxe2 Nd7 14. Rad1 Qc7 15. Rc1 Rac8 16. Rfd1 Rfd8 17. f3 Nf8 18. Qf2 b6 19. a4 Ne6 20. b5 Bg5 21. Bxg5 Nxg5 22. f4 Ne6 23. f5 Nf4 24. Qh4 g6 25. g3 Nh5 26. Qg5 Ng7 27. g4 Ne8 28. Kg2 Kg7 29. h4 h6 30. Qe3 Qe7 31. Rh1 Kh7 32. g5 h5 33. Rcf1 Qd7 34. Qh3 d5 35. fxg6+ fxg6 36. cxd5 cxd5 37. Nxd5 Rc2+ 38. Kg3 Rd2 39. Rf3 Ra2 40. Qxd7+ Rxd7 41. Rf8 Ra3 42. Rd1 Rxd5 43. exd5 Nd6 44. Rd8 Nf5+ 45. Kf3 Rxa4 46. Rd7+ Kg8 47. Rc1 Nxh4+ 48. Ke2 Ra2+ 49. Kf1 1-0

[Event "Budapest Karacsonyi op 6th"]
[Site "Budapest"]
[Date "2014.12.28"]
[Round "2"]
[White "Czimer, Jozsef"]
[Black "Szurkos, Andras"]
[Result "1-0"]
[WhiteElo "1700"]
[BlackElo "1782"]
[PlyCount "99"]
[EventDate "2014.12.27"]
[EventType "swiss"]
[EventRounds "7"]
[EventCountry "HUN"]
[SourceTitle "EXT 2020"]
[Source "ChessBase"]
[SourceDate "2019.10.17"]
[SourceVersion "1"]
[SourceVersionDate "2019.10.17"]
[SourceQuality "1"]

1. c4 e5 2. Nc3 Nc6 3. e3 Nf6 4. a3 d6 5. d4 exd4 6. exd4 Qe7+ 7. Be3 g6 8. Be2 Bg7 9. h3 a6 10. Nf3 Bf5 11. 0-0 h6 12. Re1 Kf8 13. Bf1 Qd8 14. d5 Ne7 15. Nd4 Bd7 16. g4 c5 17. dxc6 Nxc6 18. Bg2 h5 19. g5 Ne8 20. Nd5 f6 21. Nf4 Ne7 22. Nfe6+ Kg8 23. Nxd8 Rxd8 24. Bxb7 Rb8 25. Bxa6 Bxh3 26. b4 Nf5 27. Nxf5 Bxf5 28. c5 fxg5 29. Qd5+ Kh7 30. Bxg5 Bxa1 31. Rxa1 dxc5 32. bxc5 Ng7 33. c6 Ra8 34. Bb7 Ra4 35. f3 Rf8 36. c7 Ne6 37. Bd8 Rd4 38. Qe5 Rfxd8 39. cxd8Q Rxd8 40. Be4 Ng7 41. Bxf5 gxf5 42. a4 Rd3 43. Kf2 Rd2+ 44. Kg3 Rd8 45. Qf6 Re8 46. Qf7 Re6 47. Kf4 Kh6 48. Rg1 Re4+ 49. fxe4 Ne6+ 50. Qxe6+ 1-0

[Event "HUN-chT2 Asztalos 1314"]
[Site "Hungary"]
[Date "2014.04.27"]
[Round "9"]
[White "Balint, Janos"]
[Black "Czimer, Jozsef"]
[Result "1/2-1/2"]
[WhiteElo "1881"]
[BlackElo "1700"]
[PlyCount "71"]
[EventDate "2013.09.08"]
[EventType "team-tourn"]
[EventRounds "9"]
[EventCountry "HUN"]
[SourceTitle "EXT 2016"]
[Source "ChessBase"]
[SourceDate "2015.10.08"]
[SourceVersion "1"]
[SourceVersionDate "2015.10.08"]
[SourceQuality "1"]
[WhiteTeam "Kaposvar Bastya"]
[BlackTeam "MAV Elore"]
[WhiteTeamCountry "HUN"]
[BlackTeamCountry "HUN"]

1. e4 c5 2. Nf3 d6 3. d4 cxd4 4. Nxd4 Nf6 5. Nc3 a6 6. Bd3 e5 7. Nb3 Be6 8. 0-0 Qc7 9. Qe2 Nbd7 10. Kh1 Be7 11. f4 exf4 12. Bxf4 Ne5 13. h3 h6 14. Nd4 g5 15. Bxe5 dxe5 16. Nf5 0-0-0 17. Bxa6 Bxf5 18. Rxf5 bxa6 19. Qxa6+ Qb7 20. Rxf6 Bxf6 21. Qxf6 Rhg8 22. Qf5+ Qd7 23. Qxe5 Rge8 24. Qa5 Qc6 25. Rf1 Rd7 26. Rf5 Kb8 27. Rc5 Qe6 28. Rd5 Rxd5 29. Nxd5 Qc6 30. Nc3 Re6 31. Qb4+ Qb7 32. Qf8+ Ka7 33. Qc5+ Kb8 34. Qf8+ Ka7 35. b3 Rc6 36. Qa3+ 1/2-1/2

[Event "Budapest Art Pub Cup 4th"]
[Site "Budapest"]
[Date "2014.04.19"]
[Round "4"]
[White "Czimer, Jozsef"]
[Black "Toth, Nikoletta"]
[Result "1/2-1/2"]
[WhiteElo "1729"]
[BlackElo "1113"]
[PlyCount "152"]
[EventDate "2014.04.16"]
[EventType "swiss"]
[EventRounds "7"]
[EventCountry "HUN"]
[SourceTitle "EXT 2015"]
[Source "ChessBase"]
[SourceDate "2014.11.20"]
[SourceVersion "1"]
[SourceVersionDate "2014.11.20"]
[SourceQuality "1"]

1. Nf3 d5 2. g3 Nc6 3. d4 Bg4 4. Bg2 Nf6 5. h3 Bf5 6. 0-0 Qd7 7. Kh2 h5 8. Nh4 Bh7 9. c3 e6 10. Nd2 Bd6 11. Ndf3 0-0-0 12. b4 a6 13. a4 Na7 14. Qe1 Rdg8 15. Ng5 Bc2 16. Nhf3 h4 17. Ne5 hxg3+ 18. fxg3 Bxe5 19. dxe5 Ng4+ 20. Kg1 Nxe5 21. Qf2 Nac6 22. e4 Bd3 23. Rd1 d4 24. cxd4 Qxd4 25. Be3 Qxb4 26. Bc5 Qa5 27. Ra3 Rh5 28. Be3 Qb4 29. Rdxd3 Nxd3 30. Rxd3 Qb1+ 31. Qf1 Qc2 32. Ra3 Rd8 33. Bf3 Qb2 34. Ra1 Rhh8 35. Rd1 Rxd1 36. Bxd1 Qf6 37. Bg4 Qxf1+ 38. Kxf1 Rf8 39. Bc5 Re8 40. Nxf7 b6 41. Ba3 Kd7 42. Ng5 b5 43. axb5 axb5 44. Bb2 g6 45. Nxe6 Rxe6 46. Ke2 Kd6 47. Bxe6 Kxe6 48. Ke3 Ne5 49. Bd4 b4 50. g4 Nc4+ 51. Kd3 Ne5+ 52. Kc2 Nf3 53. Bc5 Ke5 54. Bxb4 Kxe4 55. Kd1 Kf4 56. Ba5 Kg3 57. Bxc7+ Kxh3 58. Ke2 Kxg4 59. Kf2 Nd4 60. Be5 Nf5 61. Bf6 Nd6 62. Kg2 Ne4 63. Be7 Kf5 64. Bh4 Nf6 65. Kf3 Nd5 66. Bd8 Nf6 67. Bxf6 Kxf6 68. Kf4 g5+ 69. Kg4 Kg6 70. Kg3 Kh5 71. Kh3 g4+ 72. Kg3 Kg5 73. Kg2 Kg6 74. Kg3 Kg5 75. Kg2 Kf5 76. Kg3 Kg5 1/2-1/2

[Event "Budapest Art Pub Cup 4th"]
[Site "Budapest"]
[Date "2014.04.18"]
[Round "3"]
[White "Berta, Sandor Martin"]
[Black "Czimer, Jozsef"]
[Result "1-0"]
[WhiteElo "1982"]
[BlackElo "1729"]
[PlyCount "129"]
[EventDate "2014.04.16"]
[EventType "swiss"]
[EventRounds "7"]
[EventCountry "HUN"]
[SourceTitle "EXT 2015"]
[Source "ChessBase"]
[SourceDate "2014.11.20"]
[SourceVersion "1"]
[SourceVersionDate "2014.11.20"]
[SourceQuality "1"]

1. Nf3 d6 2. d4 Nf6 3. Bf4 Nbd7 4. e3 c5 5. c3 b6 6. Nbd2 Bb7 7. Be2 Qc7 8. h3 e5 9. dxe5 dxe5 10. Bh2 Bd5 11. Qa4 Bc6 12. Qc2 g6 13. Nc4 Qb7 14. Ncxe5 Nxe5 15. Bxe5 Bg7 16. Rd1 0-0 17. 0-0 Rfe8 18. Bh2 b5 19. Rd2 Ne4 20. Rdd1 Rac8 21. Ne1 f5 22. Bf3 c4 23. Qe2 Rcd8 24. Nc2 a5 25. Rxd8 Rxd8 26. Rd1 Re8 27. Nd4 Bd5 28. Qc2 Rc8 29. Be2 Bh6 30. Nf3 Bg7 31. Nd4 Bh6 32. Nf3 Bg7 33. Be5 Re8 34. Bxg7 Kxg7 35. Rd4 Bc6 36. a4 bxa4 37. Bxc4 Rb8 38. Ne5 Be8 39. f3 Nf6 40. Nd3 Qc7 41. Qf2 a3 42. b3 Bf7 43. Qa2 Qe7 44. Bxf7 Qxe3+ 45. Kh2 Kxf7 46. Qxa3 Qe7 47. Qxa5 Rxb3 48. Qa2 Qa3 49. Qxa3 Rxa3 50. c4 Rc3 51. Nf4 g5 52. Nd5 Rc1 53. f4 Ne4 54. fxg5 Nxg5 55. Ne3 Ne6 56. Rd1 Rc3 57. Nxf5 Kf6 58. Nd6 Rc2 59. Kg3 Ke7 60. Nf5+ Kf6 61. Ne3 Re2 62. Kf3 Ra2 63. Rc1 Nc5 64. Rc3 Ke5 65. Nc2 1-0

[Event "Budapest Art Pub Cup 4th"]
[Site "Budapest"]
[Date "2014.04.17"]
[Round "1"]
[White "Szalanczy, Emil"]
[Black "Czimer, Jozsef"]
[Result "1-0"]
[WhiteElo "2263"]
[BlackElo "1729"]
[PlyCount "101"]
[EventDate "2014.04.16"]
[EventType "swiss"]
[EventRounds "7"]
[EventCountry "HUN"]
[SourceTitle "EXT 2015"]
[Source "ChessBase"]
[SourceDate "2014.11.20"]
[SourceVersion "1"]
[SourceVersionDate "2014.11.20"]
[SourceQuality "1"]

1. e4 e5 2. Nf3 Nc6 3. Bb5 a6 4. Ba4 Nf6 5. 0-0 Be7 6. Re1 b5 7. Bb3 d6 8. c3 0-0 9. h3 Na5 10. Bc2 c5 11. d4 Qc7 12. Nbd2 Re8 13. Nf1 Bf8 14. Ng3 g6 15. b3 cxd4 16. cxd4 Nc6 17. Bg5 Bg7 18. d5 Nd8 19. a4 Bd7 20. a5 b4 21. Bd3 Nb7 22. Qd2 Nc5 23. Rec1 Qb8 24. Bc2 Ra7 25. Bh6 Bh8 26. Qe1 Rb7 27. Be3 Rb5 28. Nd2 Bc8 29. Nc4 Nfd7 30. Bh6 Qc7 31. Qe3 Bf6 32. Bd1 Qb8 33. Ra2 Bd8 34. Nf5 Nb7 35. Be2 Ndc5 36. Nfxd6 Nxd6 37. Nxd6 Qxd6 38. Bxb5 axb5 39. Qxc5 Qxc5 40. Rxc5 Bd7 41. a6 Bb6 42. Be3 Bxc5 43. Bxc5 f5 44. a7 Ra8 45. f3 Kf7 46. Ra6 Ke8 47. Rf6 Kd8 48. Rf7 h5 49. Rg7 fxe4 50. fxe4 Be8 51. Kh2 1-0

[Event "HUN-chT2 Asztalos 1314"]
[Site "Hungary"]
[Date "2014.03.02"]
[Round "6"]
[White "Czimer, Jozsef"]
[Black "Nagy, Balazs"]
[Result "1-0"]
[WhiteElo "1700"]
[BlackElo "1673"]
[PlyCount "91"]
[EventDate "2013.09.08"]
[EventType "team-tourn"]
[EventRounds "9"]
[EventCountry "HUN"]
[SourceTitle "EXT 2016"]
[Source "ChessBase"]
[SourceDate "2015.10.08"]
[SourceVersion "1"]
[SourceVersionDate "2015.10.08"]
[SourceQuality "1"]
[WhiteTeam "MAV Elore"]
[BlackTeam "Marcali"]
[WhiteTeamCountry "HUN"]
[BlackTeamCountry "HUN"]

1. e4 c6 2. d4 d5 3. Nc3 dxe4 4. Nxe4 Nd7 5. Nf3 Ngf6 6. Ng3 e6 7. Bd3 Bd6 8. 0-0 0-0 9. Re1 Qc7 10. c4 c5 11. b3 b6 12. Bb2 Bb7 13. Ng5 h6 14. N5e4 Nxe4 15. Bxe4 Bxe4 16. Rxe4 Bxg3 17. hxg3 Nf6 18. Rh4 cxd4 19. Qxd4 Rfd8 20. Qe3 Qe7 21. Qf3 Rac8 22. Bxf6 Qxf6 23. Qxf6 gxf6 24. Rxh6 Kg7 25. Rh4 Rd2 26. Rg4+ Kf8 27. Rf4 Kg7 28. Rf3 Rcd8 29. a3 Rd1+ 30. Rxd1 Rxd1+ 31. Kh2 a5 32. g4 Ra1 33. a4 Rd1 34. Rc3 Rd6 35. Kg3 Kg6 36. f4 f5 37. Kf3 f6 38. gxf5+ Kxf5 39. g4+ Kg6 40. Ke4 f5+ 41. Ke5 Rc6 42. gxf5+ exf5 43. Rg3+ Kf7 44. Rg5 Rc5+ 45. Kd6 Rc8 46. Rxf5+ 1-0

[Event "Budapest FS02 FM-B"]
[Site "Budapest"]
[Date "2014.02.07"]
[Round "7"]
[White "Czimer, Jozsef"]
[Black "Lakat, Gyula"]
[Result "1/2-1/2"]
[WhiteElo "1715"]
[BlackElo "1802"]
[PlyCount "91"]
[EventDate "2014.02.01"]
[EventType "tourn"]
[EventRounds "11"]
[EventCountry "HUN"]
[SourceTitle "CBM 158 Extra"]
[Source "ChessBase"]
[SourceDate "2014.02.28"]
[SourceVersion "1"]
[SourceVersionDate "2014.02.28"]
[SourceQuality "1"]

1. d4 d5 2. Nf3 f5 3. Ne5 Nf6 4. f3 Nbd7 5. Nd3 g6 6. h4 e6 7. Bf4 Bd6 8. Qd2 Qe7 9. Ne5 Bxe5 10. dxe5 Ng8 11. h5 gxh5 12. Rxh5 Qf7 13. Rh3 Ne7 14. Bh2 Ng6 15. f4 Nc5 16. Nc3 Bd7 17. e3 a6 18. Be2 0-0-0 19. Qd4 Kb8 20. 0-0-0 Qe7 21. g3 Bc6 22. Bg1 Ne4 23. a3 b5 24. Qb4 Rdg8 25. Nxe4 Qxb4 26. axb4 dxe4 27. Bf2 Ne7 28. Rdh1 Nd5 29. Rxh7 Rxh7 30. Rxh7 Nxb4 31. Rh6 Bd7 32. Bh5 Rg7 33. Kd2 c5 34. Be2 Nd5 35. Rh4 Ne7 36. g4 Ng6 37. Rh2 fxg4 38. Bxg4 Nxe5 39. Be2 Nf3+ 40. Bxf3 exf3 41. e4 c4 42. Ke3 Kb7 43. Kxf3 Kc6 44. Bd4 Rg8 45. b4 cxb3 46. cxb3 1/2-1/2

[Event "Budapest FS02 FM-B"]
[Site "Budapest"]
[Date "2014.02.06"]
[Round "6"]
[White "Karacsonyi, Gellert"]
[Black "Czimer, Jozsef"]
[Result "1-0"]
[WhiteElo "1797"]
[BlackElo "1715"]
[PlyCount "107"]
[EventDate "2014.02.01"]
[EventType "tourn"]
[EventRounds "11"]
[EventCountry "HUN"]
[SourceTitle "CBM 158 Extra"]
[Source "ChessBase"]
[SourceDate "2014.02.28"]
[SourceVersion "1"]
[SourceVersionDate "2014.02.28"]
[SourceQuality "1"]

1. e4 d6 2. d4 Nf6 3. Nc3 g6 4. Bg5 Bg7 5. Bd3 h6 6. Bh4 c6 7. Qd2 e5 8. d5 g5 9. Bg3 Nh5 10. Nge2 a6 11. h3 b5 12. dxc6 Nxc6 13. Nd5 Be6 14. c4 Rb8 15. cxb5 axb5 16. Rc1 Bxd5 17. exd5 Ne7 18. Nc3 Qa5 19. Ne4 Qxd2+ 20. Kxd2 Kd7 21. Bc2 Nxd5 22. Bb3 Nhf4 23. Bxf4 Nxf4 24. g3 Ne6 25. Ke3 f5 26. Nc3 Nd4 27. Nd5 Rb7 28. Rc3 Ra8 29. Rhc1 Ne6 30. Nb4 Raa7 31. Nc6 Ra8 32. Bd5 Nc7 33. Nxe5+ Bxe5 34. Bxb7 Bxc3 35. Bxa8 Bxb2 36. Bc6+ Ke6 37. Rb1 Ba3 38. Bxb5 Bc5+ 39. Ke2 d5 40. a4 Kd6 41. Bd3 f4 42. gxf4 gxf4 43. a5 Ne6 44. a6 Nd4+ 45. Kd2 Nc6 46. f3 Nd4 47. Rb7 Nxf3+ 48. Kd1 Ne5 49. Bb5 Nc6 50. Bxc6 Kxc6 51. Rh7 f3 52. a7 Bxa7 53. Rxa7 Kc5 54. Ke1 1-0

[Event "Budapest FS02 FM-B"]
[Site "Budapest"]
[Date "2014.02.04"]
[Round "4"]
[White "Czimer, Jozsef"]
[Black "Di Giovanni, Vilmos"]
[Result "1/2-1/2"]
[WhiteElo "1715"]
[BlackElo "1790"]
[PlyCount "24"]
[EventDate "2014.02.01"]
[EventType "tourn"]
[EventRounds "11"]
[EventCountry "HUN"]
[SourceTitle "CBM 158 Extra"]
[Source "ChessBase"]
[SourceDate "2014.02.28"]
[SourceVersion "1"]
[SourceVersionDate "2014.02.28"]
[SourceQuality "1"]

1. e4 b6 2. d4 Bb7 3. Nc3 e6 4. Bd3 Nf6 5. Nf3 d5 6. e5 Nfd7 7. 0-0 c5 8. Be3 c4 9. Be2 Nc6 10. h3 a6 11. Bg5 Be7 12. Bxe7 Qxe7 1/2-1/2

[Event "Budapest FS12 FM-B"]
[Site "Budapest"]
[Date "2013.12.16"]
[Round "9"]
[White "Schmidt, Wolfgang"]
[Black "Czimer, Jozsef"]
[Result "0-1"]
[WhiteElo "1470"]
[BlackElo "1720"]
[PlyCount "62"]
[EventDate "2013.12.07"]
[EventType "tourn"]
[EventRounds "9"]
[EventCountry "HUN"]
[SourceTitle "CBM 158 Extra"]
[Source "ChessBase"]
[SourceDate "2014.02.28"]
[SourceVersion "1"]
[SourceVersionDate "2014.02.28"]
[SourceQuality "1"]

1. d4 Nf6 2. Nf3 c5 3. d5 d6 4. c4 g6 5. Nc3 Bg7 6. e4 0-0 7. Bd3 e6 8. 0-0 e5 9. Rb1 Na6 10. a3 Ne8 11. Be3 f5 12. exf5 gxf5 13. Bg5 Bf6 14. Bxf6 Qxf6 15. Nd2 Ng7 16. b4 b6 17. Qc2 Nc7 18. bxc5 bxc5 19. a4 Na6 20. Na2 Rf7 21. Nb3 Qd8 22. Qd2 Bd7 23. a5 Rf6 24. Nbc1 Bc8 25. Re1 Rg6 26. Ne2 Qh4 27. Ng3 Rf6 28. Nf1 f4 29. Be4 Nf5 30. Rb3 Nd4 31. Rh3 Bxh3 0-1

[Event "Budapest FS12 FM-B"]
[Site "Budapest"]
[Date "2013.12.14"]
[Round "7"]
[White "Szurkos, Andras"]
[Black "Czimer, Jozsef"]
[Result "1/2-1/2"]
[WhiteElo "1740"]
[BlackElo "1720"]
[PlyCount "167"]
[EventDate "2013.12.07"]
[EventType "tourn"]
[EventRounds "9"]
[EventCountry "HUN"]
[SourceTitle "CBM 158 Extra"]
[Source "ChessBase"]
[SourceDate "2014.02.28"]
[SourceVersion "1"]
[SourceVersionDate "2014.02.28"]
[SourceQuality "1"]

1. c4 Nf6 2. Nc3 g6 3. g3 c6 4. Bg2 Bg7 5. e3 0-0 6. Nge2 d6 7. 0-0 e5 8. d4 Qe7 9. Qc2 Nbd7 10. d5 c5 11. e4 Nb6 12. b3 Nh5 13. h4 a6 14. Kh2 Bg4 15. Ng1 Bd7 16. Bg5 Bf6 17. Bh6 Rfd8 18. Qd3 Bg7 19. Bxg7 Kxg7 20. Bh3 Rf8 21. Nce2 Nf6 22. Bxd7 Qxd7 23. f4 Qe7 24. f5 h5 25. Nh3 Ng4+ 26. Kg2 Nd7 27. Ng5 Ndf6 28. Rf3 Nh7 29. Raf1 Nxg5 30. f6+ Nxf6 31. Rxf6 Nh7 32. R6f3 Qd7 33. Ng1 f6 34. Nh3 b5 35. R3f2 bxc4 36. bxc4 Rab8 37. Rb1 Qa4 38. Rfb2 Rxb2+ 39. Rxb2 Rf7 40. Nf2 Qa5 41. Qb1 Nf8 42. Rb7 Nd7 43. Qb3 Nf8 44. Rxf7+ Kxf7 45. Qb7+ Kg8 46. Qe7 Qxa2 47. Qxd6 Qxc4 48. Qxf6 Qd4 49. Qxa6 c4 50. Qc6 c3 51. d6 Qd2 52. Qd5+ Qxd5 53. exd5 c2 54. Nd3 e4 55. Nc1 Kf7 56. Kf2 Kf6 57. Ke3 Ke5 58. Kd2 Kxd5 59. Kxc2 Kxd6 60. Kd2 Ne6 61. Ne2 Ke5 62. Ke3 Ng7 63. Nf4 Nf5+ 64. Kf2 Kf6 65. Nd5+ Kg7 66. Nc3 e3+ 67. Kf3 Kh6 68. Kf4 Kg7 69. Kf3 Kf6 70. Nd5+ Ke5 71. Nxe3 Nd4+ 72. Kf2 Ke4 73. Nc4 Nf5 74. Nd2+ Ke5 75. Kf3 Nd4+ 76. Ke3 Nf5+ 77. Kf2 Nd6 78. Kf3 Kf5 79. Nb3 Nb5 80. Nd2 Nd6 81. Nf1 Nc4 82. Ne3+ Nxe3 83. Kxe3 g5 84. hxg5 1/2-1/2

[Event "Budapest FS12 FM-B"]
[Site "Budapest"]
[Date "2013.12.11"]
[Round "5"]
[White "Szlenka, Attila"]
[Black "Czimer, Jozsef"]
[Result "1-0"]
[WhiteElo "1796"]
[BlackElo "1720"]
[PlyCount "61"]
[EventDate "2013.12.07"]
[EventType "tourn"]
[EventRounds "9"]
[EventCountry "HUN"]
[SourceTitle "CBM 158 Extra"]
[Source "ChessBase"]
[SourceDate "2014.02.28"]
[SourceVersion "1"]
[SourceVersionDate "2014.02.28"]
[SourceQuality "1"]

1. g3 e5 2. Bg2 Nf6 3. c4 Nc6 4. Nc3 a6 5. d3 h6 6. a3 Nd4 7. e3 Ne6 8. Nge2 c6 9. d4 exd4 10. Nxd4 Bc5 11. 0-0 0-0 12. b4 Be7 13. Nf5 Re8 14. e4 d6 15. Bb2 Bf8 16. Qd2 Qc7 17. Rad1 Rd8 18. h3 b6 19. Qe3 Rb8 20. Rd2 Bb7 21. Rfd1 Ba8 22. Ne2 Rbc8 23. Bxf6 gxf6 24. Nxh6+ Bxh6 25. Qxh6 Qe7 26. h4 c5 27. b5 axb5 28. cxb5 Nf8 29. f3 d5 30. Nf4 dxe4 31. Nh5 1-0

[Event "HUN-chT2 Breyer 1213"]
[Site "Hungary"]
[Date "2013.04.07"]
[Round "10.9"]
[White "Tessedik, Karoly"]
[Black "Czimer, Jozsef"]
[Result "0-1"]
[WhiteElo "1946"]
[BlackElo "1791"]
[PlyCount "76"]
[EventDate "2012.09.16"]
[EventType "team-tourn"]
[EventRounds "11"]
[EventCountry "HUN"]
[SourceTitle "EXT 2014"]
[Source "ChessBase"]
[SourceDate "2013.11.20"]
[SourceVersion "1"]
[SourceVersionDate "2013.11.20"]
[SourceQuality "1"]
[WhiteTeam "Torokbalint"]
[BlackTeam "MAV Elore"]
[WhiteTeamCountry "HUN"]
[BlackTeamCountry "HUN"]

1. d4 Nf6 2. c4 c5 3. dxc5 Na6 4. Nc3 Nxc5 5. Qc2 b6 6. e4 d6 7. f3 Bd7 8. Nge2 e6 9. Bg5 Be7 10. Rd1 a6 11. b4 Nb7 12. Nd4 0-0 13. Bd3 h6 14. Be3 Rc8 15. Qb3 a5 16. a3 axb4 17. axb4 Ra8 18. Ndb5 Ne8 19. 0-0 Bf6 20. Na4 Ra6 21. c5 bxc5 22. bxc5 Nxc5 23. Nxc5 dxc5 24. Bxc5 Be7 25. Bf2 Qb8 26. Rb1 Ra5 27. Rfc1 Nd6 28. Nxd6 Bxd6 29. Qc3 Bxh2+ 30. Kf1 Qa8 31. g3 Ra2 32. Qd4 Rd8 33. Ra1 e5 34. Qxe5 Bh3+ 35. Ke1 Rxd3 36. Rcb1 Rd8 37. Bd4 f6 38. Qc7 Rxa1 0-1